Prt̀ica trabalhista com modelos de peȧs e contratos Conforme a Reforma Trabalhista - Lei n. 13.467/17 e MP n. 808/17 /

Detalles Bibliográficos
Autor principal: Pretti, Gleibe
Formato: eBook
Lenguaje:portugués
Publicado: San Pablo: LTR, 2018
Materias:
Acceso en línea:Acceso restringido

MARC

LEADER 00000nam a22000007a 4500
005 20180710231611.0
007 cr|||| ||||
008 180710s2018 br |||||s|||| 00||0 por d
020 |a 978-85-361-9541-4 
035 |a 21771 
040 |a vLex 
090 |c 8009  |d 8009 
100 1 |a Pretti, Gleibe 
245 1 0 |a Prt̀ica trabalhista com modelos de peȧs e contratos  |h [Recurso electrn̤ico] :  |b Conforme a Reforma Trabalhista - Lei n. 13.467/17 e MP n. 808/17 /  |c Gleibe Pretti 
256 |a Servicio en ln̕ea 
260 |a San Pablo:  |b LTR,  |c 2018 
300 |a 1 recurso electrn̤ico 
500 |a Prezado leitor(a), quero lhe fazer um convite: vamos navegar pelas letras descritas neste mar de conhecimento que a reforma trabalhista trouxe como um tsunami, no universo do Direito do Trabalho? Nesta obra trato especificamente do aspecto processual, desta forma, trabalharemos a reclamaȯ̂ trabalhista, a defesa, os recursos, a execuȯ̂ e os procedimentos especiais. Conhecendo a necessidade dos profissionais, tambm̌ trabalho, nessa obra, com os novos tipos de contratos, como, por exemplo, o contrato intermitente, que foi apresentado de forma inovadora com a MP n. 808/17. Saliento que essa obra foi escrita, principalmente, devido aos pedidos dos nossos leitores e alunos, que descreveram suas maiores dificuldades com todas essas novidades. Sendo assim, vamos aprender juntos, pois, o caminho do conhecimento ̌infinito e estamos juntos nessa jornada! 
506 1 |a Disponible solo en los productos indicados  |d vLex Global  |d vLex Global (Academic Edition, excluding Law Schools)  |d vLex Global (U.S. Academic Edition, Law Schools)  |d vLex Global (U.S. Academic Edition, excluding Law Schools)  |d vLex Global (Academic Edition, Law Schools) 
650 0 4 |a Derecho Laboral y Seguridad Social  |z Brasil 
650 0 4 |a Derecho Constitucional  |z Brasil 
740 0 |a vLex Libros (Servicio en ln̕ea) 
856 4 0 |u http://vlex.com/source/pratica-trabalhista-com-modelos-de-pe-as-e-contratos-conforme-a-reforma-trabalhista-lei-n-13-467-17-e-mp-n-808-17-21771  |z Acceso restringido 
942 |c BOOK 
999 0 |a Labor Law and Social Security 
999 0 |a Constitutional Law